[Event "SE-2022-0-00026"]
[Site "LSS email"]
[Date "2022.06.04"]
[Round "?"]
[White "Raines, David"]
[Black "Chavez, Carlos"]
[Result "1-0"]
[WhiteElo "1223"]
[BlackElo "1372"]
[PlyCount "33"]
[EventDate "2021.10.30"]
[EventType "tourn (corr)"]
[EventRounds "6"]
[EventCountry "GER"]
[SourceTitle "Corr 2024"]
[Source "ChessBase"]
[SourceDate "2023.10.19"]
[SourceVersion "1"]
[SourceVersionDate "2023.10.19"]
[SourceQuality "1"]

1. Nf3 d5 2. d4 Nf6 3. c4 e6 4. Nc3 Be7 5. Bg5 0-0 6. e3 Nbd7 7. Bd3 c6 8. 0-0 h6 9. Bh4 dxc4 10. Bxc4 Nd5 11. Bg3 Bf6 12. Bb3 Nxc3 13. bxc3 c5 14. Rc1 b5 15. e4 Bb7 16. Re1 c4 17. Bc2 1-0

[Event "OP-2020-0-05023"]
[Site "LSS email"]
[Date "2020.09.22"]
[Round "?"]
[White "Molina, Vicente Andres"]
[Black "Chavez, Carlos"]
[Result "1-0"]
[WhiteElo "601"]
[BlackElo "1455"]
[PlyCount "65"]
[EventDate "2020.09.21"]
[EventType "tourn (corr)"]
[EventRounds "4"]
[EventCountry "GER"]
[SourceTitle "Corr 2022"]
[Source "ChessBase"]
[SourceDate "2021.10.24"]
[SourceVersion "1"]
[SourceVersionDate "2021.10.24"]
[SourceQuality "1"]

1. e4 c6 2. Nc3 d5 3. d3 e5 4. Nf3 d4 5. Ne2 Qc7 6. g3 f5 7. Bg2 fxe4 8. dxe4 Nf6 9. Qd3 Be6 10. Bg5 Nbd7 11. 0-0-0 Bxa2 12. Bh3 Bf7 13. Bd2 Nc5 14. Qa3 Nb3+ 15. Qxb3 Bxb3 16. cxb3 Be7 17. Ng5 Qb6 18. Be6 c5 19. Bc4 0-0-0 20. Nf7 h6 21. Nxh8 Rxh8 22. f3 Qc6 23. Kb1 Kb8 24. f4 b5 25. Bf7 Rf8 26. Bd5 Nxd5 27. exd5 Qxd5 28. fxe5 Rf2 29. Nf4 Qe4+ 30. Ka2 Rxd2 31. Rhe1 Qc2 32. Rxd2 Qxd2 33. Re2 1-0

[Event "LSS No Engine Cup 166 Preliminary 0"]
[Site "LSS email"]
[Date "2017.01.30"]
[Round "?"]
[White "Chavez, Carlos"]
[Black "Neumann, Otto"]
[Result "1-0"]
[WhiteElo "1557"]
[BlackElo "1106"]
[PlyCount "27"]
[EventDate "2017.01.31"]
[EventType "tourn (corr)"]
[EventRounds "6"]
[EventCountry "GER"]
[SourceTitle "Corr 2022"]
[Source "ChessBase"]
[SourceDate "2021.10.24"]
[SourceVersion "1"]
[SourceVersionDate "2021.10.24"]
[SourceQuality "1"]

1. e4 c6 2. d4 d5 3. exd5 cxd5 4. Bd3 Nf6 5. c3 Nc6 6. Bf4 e6 7. Nf3 Be7 8. 0-0 0-0 9. Re1 Bd7 10. Ne5 Rc8 11. Nd2 a6 12. Re3 Re8 13. Rh3 Nb8 14. Bxh7+ 1-0

[Event "LSS No Engine Cup 158 Preliminary 0"]
[Site "LSS email"]
[Date "2016.08.27"]
[Round "?"]
[White "Chavez, Carlos"]
[Black "Louro, Eugenio Diogo"]
[Result "0-1"]
[WhiteElo "1586"]
[BlackElo "1914"]
[PlyCount "34"]
[EventDate "2016.08.28"]
[EventType "tourn (corr)"]
[EventRounds "6"]
[EventCountry "GER"]
[SourceTitle "Corr 2022"]
[Source "ChessBase"]
[SourceDate "2021.10.24"]
[SourceVersion "1"]
[SourceVersionDate "2021.10.24"]
[SourceQuality "1"]

1. e4 c6 2. d4 d5 3. exd5 cxd5 4. Bd3 Nc6 5. c3 Qc7 6. Nf3 Bg4 7. 0-0 e6 8. Nbd2 Bd6 9. Qa4 Nf6 10. Re1 0-0 11. h3 Bh5 12. Bb5 a6 13. Bxc6 bxc6 14. Ne5 c5 15. Ndf3 Ne4 16. g4 f6 17. Nd7 Be8 0-1

[Event "LSS No Engine Cup 158 Preliminary 0"]
[Site "LSS email"]
[Date "2016.08.27"]
[Round "?"]
[White "Feng, Jason"]
[Black "Chavez, Carlos"]
[Result "0-1"]
[WhiteElo "1327"]
[BlackElo "1586"]
[PlyCount "46"]
[EventDate "2016.08.28"]
[EventType "tourn (corr)"]
[EventRounds "6"]
[EventCountry "GER"]
[SourceTitle "Corr 2022"]
[Source "ChessBase"]
[SourceDate "2021.10.24"]
[SourceVersion "1"]
[SourceVersionDate "2021.10.24"]
[SourceQuality "1"]

1. e4 c6 2. d4 d5 3. Nc3 dxe4 4. Nxe4 Bf5 5. Ng3 Bg6 6. Nf3 Nd7 7. Bd3 Qc7 8. Bxg6 hxg6 9. Be3 Ngf6 10. Qd2 e6 11. 0-0-0 Nd5 12. h4 Bb4 13. Qd3 Nxe3 14. Qxe3 Bd6 15. Ne2 Nf6 16. Kb1 Ng4 17. Qg5 Nxf2 18. Ne5 Nxh1 19. Rxh1 Bxe5 20. dxe5 Qe7 21. Qg4 Rh5 22. Qd4 Qd8 23. Rd1 Rxe5 0-1

[Event "LSS No Engine Cup 154 Preliminary 0"]
[Site "LSS email"]
[Date "2016.05.29"]
[Round "?"]
[White "Stadler, Pavel"]
[Black "Chavez, Carlos"]
[Result "1/2-1/2"]
[WhiteElo "1926"]
[BlackElo "1552"]
[PlyCount "72"]
[EventDate "2016.05.30"]
[EventType "tourn (corr)"]
[EventRounds "6"]
[EventCountry "GER"]
[SourceTitle "Corr 2022"]
[Source "ChessBase"]
[SourceDate "2021.10.24"]
[SourceVersion "1"]
[SourceVersionDate "2021.10.24"]
[SourceQuality "1"]

1. e4 e5 2. Nf3 Nc6 3. Bc4 Bc5 4. c3 Nf6 5. d4 exd4 6. cxd4 Bb4+ 7. Nc3 Nxe4 8. 0-0 Bxc3 9. bxc3 d5 10. Ba3 dxc4 11. Re1 Be6 12. Rxe4 Qd5 13. Qe2 0-0-0 14. Ne5 Rhe8 15. Nxc6 Qxc6 16. Re1 Bd7 17. f3 Rxe4 18. Qxe4 Qa4 19. Be7 Re8 20. Qxh7 Qxa2 21. Bh4 Rxe1+ 22. Bxe1 Qe2 23. Bh4 Qd1+ 24. Kf2 Qd2+ 25. Kg1 Qe3+ 26. Kf1 b5 27. Qg8+ Be8 28. Bg3 b4 29. cxb4 c3 30. Bf4 Qe7 31. Qxg7 Bb5+ 32. Kf2 Qe2+ 33. Kg3 Qe1+ 34. Kg4 Qe6+ 35. Kh4 Qe7+ 36. Qg5 Qxb4 1/2-1/2

[Event "LSS No Engine Cup 142 Preliminary 0"]
[Site "LSS email"]
[Date "2015.11.10"]
[Round "?"]
[White "Lenz, Juergen"]
[Black "Chavez, Carlos"]
[Result "0-1"]
[WhiteElo "1348"]
[BlackElo "1565"]
[PlyCount "84"]
[EventDate "2015.11.11"]
[EventType "tourn (corr)"]
[EventRounds "6"]
[EventCountry "GER"]
[SourceTitle "Corr 2022"]
[Source "ChessBase"]
[SourceDate "2021.10.24"]
[SourceVersion "1"]
[SourceVersionDate "2021.10.24"]
[SourceQuality "1"]

1. d4 d5 2. Bf4 Nf6 3. e3 c6 4. c4 e6 5. Nc3 Nbd7 6. Nf3 Be7 7. h3 0-0 8. Be2 Nh5 9. Bh2 f5 10. Ne5 Nhf6 11. 0-0 Ne4 12. f3 Nxc3 13. bxc3 Nxe5 14. Bxe5 Bd6 15. Bxd6 Qxd6 16. c5 Qg3 17. Qd2 f4 18. exf4 Rxf4 19. Qe1 Qg5 20. Bd3 Bd7 21. Rb1 b5 22. cxb6 axb6 23. Qd2 b5 24. Kh2 Qf6 25. Rb2 e5 26. dxe5 Qxe5 27. Kh1 Ra3 28. Rc2 Rh4 29. Qe1 Qg5 30. f4 Qf6 31. Rf3 Kf7 32. Qe5 Qxe5 33. fxe5+ Ke7 34. Rg3 g6 35. Bf1 Rha4 36. Rf2 Rxa2 37. Rff3 Re4 38. Re3 Rxe3 39. Rxe3 Bf5 40. g4 Be4+ 41. Kg1 Ke6 42. Bd3 Kxe5 0-1

[Event "LSS No Engine Cup 142 Preliminary 0"]
[Site "LSS email"]
[Date "2015.11.10"]
[Round "?"]
[White "Van Bommel, Ton"]
[Black "Chavez, Carlos"]
[Result "1-0"]
[WhiteElo "2284"]
[BlackElo "1565"]
[PlyCount "47"]
[EventDate "2015.11.11"]
[EventType "tourn (corr)"]
[EventRounds "6"]
[EventCountry "GER"]
[SourceTitle "Corr 2022"]
[Source "ChessBase"]
[SourceDate "2021.10.24"]
[SourceVersion "1"]
[SourceVersionDate "2021.10.24"]
[SourceQuality "1"]

1. e4 c6 2. d4 d5 3. e5 Bf5 4. Nc3 Qb6 5. Nf3 e6 6. Be2 Nd7 7. 0-0 Bg4 8. a4 a5 9. h3 Bh5 10. Nb1 Bxf3 11. Bxf3 c5 12. c3 Ne7 13. Na3 cxd4 14. cxd4 Nf5 15. Nb5 Be7 16. Bg4 g6 17. Bxf5 gxf5 18. Qh5 Rc8 19. Bg5 Bb4 20. Rac1 Rc4 21. Rxc4 dxc4 22. Rc1 Qc6 23. d5 exd5 24. e6 1-0

[Event "SE-2015-0-00194"]
[Site "LSS email"]
[Date "2015.02.18"]
[Round "?"]
[White "Chavez, Carlos"]
[Black "Grimm, Wolfgang"]
[Result "0-1"]
[WhiteElo "1534"]
[BlackElo "1453"]
[PlyCount "64"]
[EventDate "2015.01.10"]
[EventType "tourn (corr)"]
[EventRounds "6"]
[EventCountry "GER"]
[SourceTitle "Corr 2022"]
[Source "ChessBase"]
[SourceDate "2021.10.24"]
[SourceVersion "1"]
[SourceVersionDate "2021.10.24"]
[SourceQuality "1"]

1. e4 Nc6 2. d4 d5 3. e5 Bf5 4. Be2 e6 5. Nf3 Be7 6. 0-0 Qd7 7. Be3 Nh6 8. h3 0-0-0 9. c3 Kb8 10. b4 a6 11. a4 a5 12. bxa5 Nxa5 13. Bb5 c6 14. Be2 Nc4 15. a5 Nxe3 16. fxe3 g5 17. c4 g4 18. hxg4 Nxg4 19. Qb3 Bf8 20. Nh4 dxc4 21. Bxc4 Bh6 22. a6 Bxe3+ 23. Kh1 Bxd4 24. Nxf5 Bxa1 25. Nd6 Qe7 26. g3 Nxe5 27. Nxb7 Rdg8 28. Na3 Bd4 29. Rd1 Rg4 30. Nd6+ Ka8 31. Rb1 Rhg8 32. a7 Qh4+ 0-1

[Event "SE-2015-0-00194"]
[Site "LSS email"]
[Date "2015.02.18"]
[Round "?"]
[White "Chavez, Carlos"]
[Black "Obrien, Glenn"]
[Result "0-1"]
[WhiteElo "1534"]
[BlackElo "1346"]
[PlyCount "92"]
[EventDate "2015.01.10"]
[EventType "tourn (corr)"]
[EventRounds "6"]
[EventCountry "GER"]
[SourceTitle "Corr 2022"]
[Source "ChessBase"]
[SourceDate "2021.10.24"]
[SourceVersion "1"]
[SourceVersionDate "2021.10.24"]
[SourceQuality "1"]

1. e4 e5 2. Nf3 Nc6 3. Bb5 a6 4. Ba4 Nf6 5. d3 b5 6. Bb3 Be7 7. 0-0 d6 8. a4 b4 9. a5 0-0 10. Nbd2 Bg4 11. h3 Be6 12. Nc4 Qb8 13. Re1 Nd4 14. Nxd4 exd4 15. Bg5 c5 16. Nb6 Ra7 17. f4 Bxb3 18. cxb3 Re8 19. Qf3 Nd7 20. Nd5 Bxg5 21. fxg5 Ne5 22. Qg3 Qb5 23. Nf4 Nc6 24. Nd5 Rd8 25. Rf1 Rb7 26. Qh4 Qxd3 27. Rf3 Qc2 28. Raf1 Qxb2 29. R1f2 Qa1+ 30. Rf1 Qxa5 31. Nf6+ gxf6 32. gxf6 Kf8 33. Qxh7 Ke8 34. Qg8+ Kd7 35. Qxf7+ Kc8 36. Qe6+ Rbd7 37. Rg3 Rf8 38. Rg8 Qd8 39. f7 Ne7 40. Rxf8 Qxf8 41. Ra1 Kc7 42. Rxa6 Nc8 43. e5 Qxf7 44. exd6+ Kb7 45. Qe2 d3 46. Qxd3 c4 0-1

[Event "SE-2015-0-00194"]
[Site "LSS email"]
[Date "2015.02.18"]
[Round "?"]
[White "Trevis, Robert R"]
[Black "Chavez, Carlos"]
[Result "1-0"]
[WhiteElo "1135"]
[BlackElo "1534"]
[PlyCount "125"]
[EventDate "2015.01.10"]
[EventType "tourn (corr)"]
[EventRounds "6"]
[EventCountry "GER"]
[SourceTitle "Corr 2022"]
[Source "ChessBase"]
[SourceDate "2021.10.24"]
[SourceVersion "1"]
[SourceVersionDate "2021.10.24"]
[SourceQuality "1"]

1. e4 c6 2. d4 d5 3. Nc3 dxe4 4. Nxe4 Bf5 5. Ng3 Bg6 6. Bc4 e6 7. N1e2 Bd6 8. 0-0 Qc7 9. Bg5 Nd7 10. Nc3 Ngf6 11. Re1 0-0 12. Qd2 Rad8 13. a3 h6 14. Bh4 Bf4 15. Qd1 Bh7 16. Bd3 g5 17. Bxh7+ Kxh7 18. Qd3+ Kg7 19. Bxg5 hxg5 20. b4 Rh8 21. a4 Ng4 22. h3 Ngf6 23. a5 g4 24. hxg4 Nxg4 25. Nge4 Bd2 26. Ng3 Bxe1 27. Rxe1 Qf4 28. Nce4 f5 29. Qd2 Qxd2 30. Nxd2 Ndf6 31. Rxe6 Kf7 32. Re2 Rxd4 33. Nxf5 Re8 34. Nxd4 Rd8 35. N2f3 b6 36. axb6 axb6 37. Nxc6 Rd1+ 38. Ne1 Nd5 39. b5 Nc3 40. Re7+ Kf8 41. f3 Nf6 42. Re6 Kf7 43. Re5 Nfe4 44. Kf1 Ng3+ 45. Kf2 Nh1+ 46. Kg1 Ng3 47. Re7+ Kf6 48. Kh2 Nce2 49. Rxe2 Nxe2 50. Nd3 Rb1 51. c4 Rd1 52. Nce5 Nc1 53. Ng4+ Kg5 54. f4+ Kh5 55. Nde5 Nd3 56. g3 Rd2+ 57. Kh3 Rd1 58. Nxd3 Rxd3 59. Nf6+ Kg6 60. Nd5 Kf5 61. Nxb6 Rd6 62. c5 Rh6+ 63. Kg2 1-0

[Event "ZL-2014-0-01537"]
[Site "LSS email"]
[Date "2014.10.30"]
[Round "?"]
[White "Ausan, Leo Tito Jr"]
[Black "Chavez, Carlos"]
[Result "0-1"]
[WhiteElo "1106"]
[BlackElo "1338"]
[PlyCount "54"]
[EventDate "2014.10.21"]
[EventType "match (corr)"]
[EventRounds "2"]
[EventCountry "GER"]
[SourceTitle "Corr 2015"]
[Source "ChessBase"]
[SourceDate "2015.07.17"]
[SourceVersion "1"]
[SourceVersionDate "2015.07.17"]
[SourceQuality "1"]

1. e4 c6 2. d4 d5 3. Nc3 dxe4 4. Nxe4 Bf5 5. Ng3 Bg6 6. h4 h6 7. h5 Bh7 8. Nf3 Nd7 9. Bd3 Bxd3 10. Qxd3 Qc7 11. Rh4 e6 12. Bf4 Bb4+ 13. c3 Bd6 14. Bxd6 Qxd6 15. Rg4 Qf8 16. 0-0-0 Ngf6 17. Rh4 0-0-0 18. Ne4 Nxe4 19. Rxe4 Nc5 20. Qe3 Nxe4 21. Qxe4 Qe7 22. g4 Rd6 23. Ne5 Rhd8 24. c4 c5 25. Nf3 cxd4 26. Rxd4 Rxd4 27. Nxd4 Qd6 0-1

[Event "ZL-2014-0-01536"]
[Site "LSS email"]
[Date "2014.10.24"]
[Round "?"]
[White "Chavez, Carlos"]
[Black "Zmolil, Karel"]
[Result "1-0"]
[WhiteElo "1000"]
[BlackElo "1315"]
[PlyCount "47"]
[EventDate "2014.10.19"]
[EventType "match (corr)"]
[EventRounds "2"]
[EventCountry "GER"]
[SourceTitle "Corr 2022"]
[Source "ChessBase"]
[SourceDate "2021.10.24"]
[SourceVersion "1"]
[SourceVersionDate "2021.10.24"]
[SourceQuality "1"]

1. e4 e5 2. Bc4 Nc6 3. Nf3 Bc5 4. c3 Qe7 5. 0-0 Qf6 6. d4 Bb6 7. Bg5 Qg6 8. dxe5 Qxe4 9. Nbd2 Qf5 10. b4 a6 11. a4 Nge7 12. b5 Na5 13. Ba2 Ng6 14. Bb1 Qe6 15. Nd4 Bxd4 16. cxd4 0-0 17. f4 Qe8 18. f5 f6 19. fxg6 fxg5 20. Ba2+ Kh8 21. Rxf8+ Qxf8 22. Qh5 h6 23. Rf1 Qa3 24. Qf3 1-0

[Event "ZL-2014-0-01536"]
[Site "LSS email"]
[Date "2014.10.24"]
[Round "?"]
[White "Zmolil, Karel"]
[Black "Chavez, Carlos"]
[Result "0-1"]
[WhiteElo "1315"]
[BlackElo "1000"]
[PlyCount "50"]
[EventDate "2014.10.19"]
[EventType "match (corr)"]
[EventRounds "2"]
[EventCountry "GER"]
[SourceTitle "Corr 2022"]
[Source "ChessBase"]
[SourceDate "2021.10.24"]
[SourceVersion "1"]
[SourceVersionDate "2021.10.24"]
[SourceQuality "1"]

1. e4 c6 2. c4 d5 3. Nc3 d4 4. Nce2 e5 5. d3 f5 6. exf5 Bxf5 7. Ng3 Bg6 8. Nf3 Nf6 9. Nxe5 Qa5+ 10. Bd2 Qxe5+ 11. Be2 Be7 12. 0-0 0-0 13. f4 Qc7 14. f5 Bf7 15. Bf4 Bd6 16. Qd2 Nbd7 17. b4 Bxf4 18. Rxf4 Rae8 19. Kf2 Re7 20. Ne4 Rfe8 21. Bf3 c5 22. a3 Nxe4+ 23. Bxe4 Bxc4 24. Rc1 Bf7 25. g4 c4 0-1

[Event "ZL-2014-0-01424"]
[Site "LSS email"]
[Date "2014.03.27"]
[Round "?"]
[White "Kramskoi, Vasyl"]
[Black "Chavez, Carlos"]
[Result "0-1"]
[WhiteElo "1124"]
[BlackElo "1000"]
[PlyCount "80"]
[EventDate "2014.03.21"]
[EventType "match (corr)"]
[EventRounds "2"]
[EventCountry "GER"]
[SourceTitle "Telechess CBM 167"]
[Source "ChessBase"]
[SourceDate "2015.07.13"]
[SourceVersion "1"]
[SourceVersionDate "2015.07.13"]
[SourceQuality "1"]

1. d4 Nf6 2. c4 e6 3. Nf3 b6 4. Bg5 Bb7 5. Nc3 Bb4 6. Nd2 d5 7. Qa4+ Nc6 8. cxd5 exd5 9. e3 0-0 10. Qb5 Re8 11. Be2 a5 12. 0-0 Nxd4 13. exd4 Bxc3 14. bxc3 Ba6 15. Qc6 Rxe2 16. Bxf6 gxf6 17. Rfd1 Re6 18. Qa4 Be2 19. Rdb1 Qd6 20. Qc2 Qf4 21. Nf1 Bxf1 22. Rxf1 Rae8 23. Qd3 Re2 24. a4 Rd2 25. Qh3 Ree2 26. Qg3+ Qxg3 27. hxg3 Rc2 28. Ra3 h5 29. Rb3 Rb2 30. Rxb2 Rxb2 31. Ra1 Rb3 32. Rc1 Ra3 33. c4 Rxa4 34. cxd5 Rxd4 35. Rxc7 Rxd5 36. Rc6 Rd1+ 37. Kh2 Rb1 38. Rxf6 a4 39. Rf4 b5 40. Rf5 a3 0-1

[Event "OP-2014-0-03322"]
[Site "LSS email"]
[Date "2014.03.07"]
[Round "?"]
[White "Chavez, Carlos"]
[Black "Lund, Steven"]
[Result "1-0"]
[WhiteElo "1000"]
[BlackElo "1764"]
[PlyCount "43"]
[EventDate "2014.03.03"]
[EventType "tourn (corr)"]
[EventRounds "4"]
[EventCountry "GER"]
[SourceTitle "Corr 2022"]
[Source "ChessBase"]
[SourceDate "2021.10.24"]
[SourceVersion "1"]
[SourceVersionDate "2021.10.24"]
[SourceQuality "1"]

1. e4 c5 2. Nc3 Nc6 3. g3 g6 4. Bg2 e6 5. d3 Nf6 6. Bg5 Bg7 7. f4 Qb6 8. Rb1 Ng4 9. Qd2 Bd4 10. Nd1 c4 11. Nf3 Be3 12. Qe2 Qa5+ 13. Kf1 Bb6 14. h3 f6 15. hxg4 fxg5 16. dxc4 Nd4 17. Nxd4 Bxd4 18. a3 d6 19. Qd3 Qb6 20. Nc3 Bg7 21. e5 dxe5 22. Rxh7 1-0

[Event "OP-2014-0-03322"]
[Site "LSS email"]
[Date "2014.03.07"]
[Round "?"]
[White "Chavez, Carlos"]
[Black "Vontina, Maria"]
[Result "1-0"]
[WhiteElo "1000"]
[BlackElo "667"]
[PlyCount "37"]
[EventDate "2014.03.03"]
[EventType "tourn (corr)"]
[EventRounds "4"]
[EventCountry "GER"]
[SourceTitle "Corr 2022"]
[Source "ChessBase"]
[SourceDate "2021.10.24"]
[SourceVersion "1"]
[SourceVersionDate "2021.10.24"]
[SourceQuality "1"]

1. e4 e6 2. d4 d5 3. Nc3 Bb4 4. e5 c5 5. a3 Bxc3+ 6. bxc3 Ne7 7. Qg4 Nbc6 8. Qxg7 Rg8 9. Qxh7 cxd4 10. f4 dxc3 11. Nf3 Qc7 12. Be3 Bd7 13. h3 Na5 14. g4 Ba4 15. Rb1 b6 16. Rb4 Qc6 17. Nd4 Qd7 18. Rxa4 Qxa4 19. Bb5+ 1-0